| 000 | 00583nam a2200193Ia 4500 | ||
|---|---|---|---|
| 005 | 20250609110759.0 | ||
| 008 | 008 250516s9999 xx 000 0 eng d | ||
| 020 | _a9783110757910 | ||
| 040 |
_beng _cSDCL |
||
| 041 |
_aeng _2eng |
||
| 084 | _aX:(G:55) R4 | ||
| 100 |
_aRamakrishna, Saloni P. _9809331 |
||
| 245 | 0 |
_aClimate change risk management in banks : _bThe next paradigm |
|
| 260 |
_aBoston : _bDe Gruyter, _c2024. |
||
| 300 | _axix, 306p. | ||
| 490 | _aThe moorad choudhry global banking | ||
| 650 |
_aBusiness Economics and Finance _9812138 |
||
| 942 |
_cTEXL _2CC |
||
| 999 |
_c1429039 _d1429039 |
||